Statistics for Famous people with country names as last names

Click here to take the quiz!

General Stats

  • This quiz has been taken 60 times
    (26 since last reset)
  • The average score is 4 of 12

Answer Stats

HintAnswer% Correct
World famous American basketball player, Chicago Bulls and Washington Wizards, the GOATMichael Jordan|Jordan
82%
Wrestler...probably his name here is fake, but...so?Bobo Brazil|Brazil
50%
Puerto Rican musician, "Latin Boogaloo"Joe Cuba|Cuba
41%
Model and actress, Unnecessary RoughnessKathy Ireland|Ireland
41%
American singerDan Israel|srael
32%
Baseball player, pitcher for the San Francisco GiantsMark Portugal|Portugal
32%
Actor, was in ScarfaceDan Canada|Canada
27%
Boxer who fought Mike TysonDarryl Spain|Spain
27%
90's boxerEric Holland|Holland
9%
Boxer, first to beat Oscar de la HoyaFelix Trinidad|Trinidad
5%
Mexican singer and actress, former member of pop group GaribaldiPilar Montenegro|Montenegro
5%
Puerto Rican singer, former member of boy band Menudo and CNN news reporterXavier Serbia|Serbia
5%

Score Distribution

Percentile by Number Answered

Percent of People with Each Score

Your Score History

You have not taken this quiz since the last reset